Editoriál

Bibliographic Details
Main Author: Vajdová, Libuša, 1947- (Author)
Format: Article
Language:Slovak
ISSN:1335-0544
Subjects:

MARC

LEADER 00000nab a2200000 a 4500
001 vtls009505637
003 SK-MaSNL
005 20260304153012.0
008 250506c2008 xo |r|p|||||||000 b|slo
015 |a SNBRB2009/05  |2 snkbucl 
035 |a (uuid)64570433-d7ec-4529-beb1-de8c98fcf4ff 
035 |a urn:nbn:sk:snk-ab2rww 
035 |a (urnnbn)urn:nbn:sk:snk:ar-a02ut3 
038 |a SNKBUCL 
040 |a SNKBUCL  |b slo  |c SNKBUCL  |e AACR2 
041 0 |a slo 
044 |a xo  |c SK 
080 |a 82:070  |x (437.6)  |2 2001 
080 |a 070.488  |x (437.6)  |2 2001 
100 1 |a Vajdová, Libuša,  |d 1947-  |4 aut  |9 218531 
245 1 0 |a Editoriál  |c Libuša Vajdová 
630 0 7 |a Slovak review (časopis)  |x nový názov  |2 snkbucl  |9 1475756 
630 0 7 |a World literature studies (časopis)  |2 snkbucl  |9 1475757 
648 7 |a 2009  |2 snkbucl  |9 320114 
650 0 7 |a literárne časopisy, slovenské  |2 snkbucl  |9 1038575 
773 0 |t Slovak review  |g Vol. XVII, č. 2 (2008), s. 3-4  |x 1335-0544 
850 |a Slovenská národná knižnica 
852 |a Slovenská národná knižnica 
954 |a odborná, vedecká literatúra pôvodná (slovenská)  |2 lita 
958 |a article27 
958 |a LX 
958 |a SK 
958 |a OND 
958 |a EUIPO 
999 |c 2952038  |d 2953968